Perception - NF - Statistics

General Stats
  • This quiz has been taken 4 times
  • The average score is 9 of 16
Answer Stats
Songs Plays Artists % Correct
Let You Down 1,637,112,098 NF
100%
Lie 673,904,980 NF
100%
Destiny 69,526,784 NF
67%
Dreams 107,186,517 NF
67%
Green Lights 96,679,448 NF
67%
If You Want Love 551,465,141 NF
67%
Intro III 115,435,044 NF
67%
Outcast 77,047,950 NF
67%
Outro 46,789,405 NF
67%
10 Feet Down 103,135,282 NF, Ruelle
33%
3 A.M. 59,521,443 NF
33%
Know 47,619,814 NF
33%
My Life 108,782,897 NF
33%
One Hundred 37,959,964 NF
33%
Remember This 185,032,820 NF
33%
You're Special 71,582,939 NF
33%
No matching quizzes found
Score Distribution
Percent of People with Each Score
Percentile by Number Answered
Your Score History
You have not taken this quiz